Normal view
MARC view
- James, Wesley P.
Entry Personal Name
001 - CONTROL NUMBER
- control field: 24705
003 - CONTROL NUMBER IDENTIFIER
- control field: NUST
005 - DATE AND TIME OF LATEST TRANSACTION
- control field: 20191024123814.0
008 - FIXED-LENGTH DATA ELEMENTS
- fixed length control field: 191024|| aca||aabn | a|a d
040 ## - CATALOGING SOURCE
- Original cataloging agency: NUST
- Transcribing agency: NUST
100 ## - HEADING--PERSONAL NAME
- Personal name: James, Wesley P.
670 ## - SOURCE DATA FOUND
- Source citation: Work cat.: (NUST)0: Wurbs, Ralph Allen. 24704, Water resources engineering /, c2002.
